| 000 | 00475nam a2200193Ia 4500 | ||
|---|---|---|---|
| 003 | 0100 | ||
| 008 | 130303s9999 xx 000 0 und d | ||
| 040 | _cARRUPELIB | ||
| 050 | _aB3329.S484R3 | ||
| 100 | _aRanly, Ernst W. | ||
| 245 | _aScheler's phenomenology of community | ||
| 260 | _aHague | ||
| 260 | _bMartinus Nijhoff | ||
| 260 | _C1966 | ||
| 300 | _a130p. | ||
| 300 | _b 25cm. | ||
| 650 | _bRussian literature - Translations into English | ||
| 942 |
_2lcc _01 |
||
| 999 |
_c64631 _d64631 |
||